SELinux by example : (Record no. 26410)
[ view plain ]
| 000 -LEADER | |
|---|---|
| fixed length control field | 01102cam a22003015a 4500 |
| 001 - CONTROL NUMBER | |
| control field | 14340052 |
| 005 - DATE AND TIME OF LATEST TRANSACTION | |
| control field | 20201128024309.0 |
| 008 - FIXED-LENGTH DATA ELEMENTS--GENERAL INFORMATION | |
| fixed length control field | 060413t2007 njua frb 001 0 eng d |
| 020 ## - INTERNATIONAL STANDARD BOOK NUMBER | |
| International Standard Book Number | 9780131963696 |
| 020 ## - INTERNATIONAL STANDARD BOOK NUMBER | |
| International Standard Book Number | 0131963694 |
| 040 ## - CATALOGING SOURCE | |
| Original cataloging agency | DLC |
| Transcribing agency | DLC |
| Modifying agency | BAKER |
| -- | C#P |
| -- | DLC |
| -- | EG-ScBUE |
| Language of cataloging | eng |
| 082 04 - DEWEY DECIMAL CLASSIFICATION NUMBER | |
| Edition number | 22 |
| Classification number | 005.8 |
| Item number | MAY |
| 100 1# - MAIN ENTRY--PERSONAL NAME | |
| Personal name | Mayer, Frank, |
| Dates associated with a name | 1961- |
| 245 10 - TITLE STATEMENT | |
| Title | SELinux by example : |
| Remainder of title | using security enhanced Linux / |
| Statement of responsibility, etc | Frank Mayer, Karl MacMillan, David Caplan. |
| 260 ## - PUBLICATION, DISTRIBUTION, ETC. (IMPRINT) | |
| Place of publication, distribution, etc | Upper Saddle River : |
| Name of publisher, distributor, etc | Prentice Hall, |
| Date of publication, distribution, etc | c.2007. |
| 300 ## - PHYSICAL DESCRIPTION | |
| Extent | xxvi, 425 p. : |
| Other physical details | ill. ; |
| Dimensions | 24 cm. |
| 490 0# - Series Statement | |
| Series statement | Prentice Hall open source software development series |
| 504 ## - BIBLIOGRAPHY, ETC. NOTE | |
| Bibliography, etc | Includes bibliographical references and index. |
| 630 07 - SUBJECT ADDED ENTRY--UNIFORM TITLE | |
| Uniform title | Linux. |
| 650 #7 - SUBJECT ADDED ENTRY--TOPICAL TERM | |
| Topical term or geographic name as entry element | Operating systems (Computers) |
| Source of heading or term | BUEsh |
| 9 (RLIN) | 3050 |
| 650 #7 - SUBJECT ADDED ENTRY--TOPICAL TERM | |
| Topical term or geographic name as entry element | Computer networks |
| General subdivision | Security measures. |
| Source of heading or term | BUEsh |
| 9 (RLIN) | 2634 |
| 651 ## - SUBJECT ADDED ENTRY--GEOGRAPHIC NAME | |
| Source of heading or term | BUEsh |
| 653 ## - INDEX TERM--UNCONTROLLED | |
| Resource For college | Generalities |
| -- | Informatics and Computer Science |
| Arrived date list | March2018 |
| 700 1# - ADDED ENTRY--PERSONAL NAME | |
| Personal name | MacMillan, Karl, |
| Dates associated with a name | 1975- |
| 700 1# - ADDED ENTRY--PERSONAL NAME | |
| Personal name | Caplan, David, |
| Dates associated with a name | 1963- |
| 9 (RLIN) | 30930 |
| 856 41 - ELECTRONIC LOCATION AND ACCESS | |
| Materials specified | Table of contents |
| Uniform Resource Identifier | <a href="http://www.loc.gov/catdir/toc/ecip0612/2006012657.html">http://www.loc.gov/catdir/toc/ecip0612/2006012657.html</a> |
| 942 ## - ADDED ENTRY ELEMENTS (KOHA) | |
| Source of classification or shelving scheme | Dewey Decimal Classification |
| Withdrawn status | Item status | Source of classification or shelving scheme | Damaged status | Not for loan | Home library | Current library | Shelving location | Date acquired | Total Checkouts | Full call number | Barcode | Date last seen | Koha item type |
|---|---|---|---|---|---|---|---|---|---|---|---|---|---|
| Dewey Decimal Classification | Central Library | Central Library | Lower Floor | 26/03/2018 | 005.8 MAY | 000047509 | 15/07/2025 | Book - Borrowing |